000 00605nam a2200205Ia 4500
003 IN-BaIIA
008 211028s9999 xx 000 0 eng d
020 _a0-07-015825-8
040 _cIIA Library
080 _a681.3
_bDAV
100 _aDavis, G. B
_911605
245 0 _aintroduction to computers
_cG. B. Davis
250 _a3rd ed.
260 _aTokyo
_bMcGraw-Hill
_c1977
300 _aix, 781p.
650 _aAstronomy and astrophysics thesaurus
650 _aExtragalactic objects
_93898
650 _aHigh energy astrophysics
_95354
942 _cBK
999 _c6774
_d6774